| 000 | 02270nam0a2200397 4500 | ||
|---|---|---|---|
| 001 | RU\NLR\bibl\1364621 | ||
| 005 | 20250615184755.0 | ||
| 010 |
_a978-5-91458-037-4 _9500 |
||
| 021 |
_aRU _b2009-18475 _91097 |
||
| 035 | _a(nilc)RSL-KNO-004262021 | ||
| 035 | _a(NLR Aleph) 001356778 | ||
| 090 |
_a955728 _c955728 |
||
| 100 | _a20090311d2008 |||y0rusy50 ca | ||
| 101 | 0 | _arus | |
| 102 | _aRU | ||
| 105 | _aa z ||||| | ||
| 200 | 1 |
_aДинамика пастбищ и сенокосов Калмыкии _fР. Р. Джапова _gФедеральное агентство по образованию, Гос. образовательное учреждение высш. проф. образования "Калмыцкий гос. ун-т" |
|
| 210 |
_aЭлиста _cИзд-во Калмыцкого ун-та _d2008 |
||
| 215 |
_a174, [1] с. _cил., табл. _d20 |
||
| 320 | _aБиблиогр.: с. 152-173 | ||
| 606 | 1 |
_aАридные пастбища _yКалмыкия, Республика _92554517 _3RU\NLR\auth\661511428 |
|
| 606 | 1 |
_aАридные луга _yКалмыкия, Республика _92554521 _3RU\NLR\auth\661511430 |
|
| 610 | 0 | _aСельское и лесное хозяйство. Сельскохозяйственные и лесохозяйственные науки -- Специальное растениеводство -- Кормопроизводство. Кормовые растения -- Луговодство и луговедение. Луга и пастбища -- Экология | |
| 610 | 0 | _aСельское и лесное хозяйство. Сельскохозяйственные и лесохозяйственные науки -- Российская Федерация -- Республика Калмыкия -- Кормопроизводство. Кормовые растения | |
| 686 |
_aП221-28,0 _2rubbk |
||
| 686 |
_aП9(2Р37-6Ка)22,0 _2rubbk |
||
| 686 | _aП221-489(2Р37-6Ка) | ||
| 700 | 1 |
_aДжапова _bР. Р. _gРаиса Романовна _4070 |
|
| 801 | 0 |
_aRU _bРКП _c20090311 _grcr |
|
| 801 | 1 |
_aRU _bРГБ _c20090311 |
|
| 801 | 2 |
_aRU _bNLR _c20090505 _grcr |
|
| 830 | _aавт. по кн. | ||
| 942 | _cBOOK | ||
| 980 | _aNB | ||
| 980 | _aNBR | ||